Three decades of research on national culture in the workplace: Do the differences still make a difference? (Record no. 93017)

000 -LEADER
fixed length control field 00509pab a2200181 454500
008 - FIXED-LENGTH DATA ELEMENTS--GENERAL INFORMATION
fixed length control field 180718b2011 xxu||||| |||| 00| 0 eng d
100 ## - MAIN ENTRY--PERSONAL NAME
Personal name Taras, Vas
245 ## - TITLE STATEMENT
Title Three decades of research on national culture in the workplace: Do the differences still make a difference?
260 ## - PUBLICATION, DISTRIBUTION, ETC.
Date of publication, distribution, etc. 2011
300 ## - PHYSICAL DESCRIPTION
Extent p.189-198.
362 ## - DATES OF PUBLICATION AND/OR SEQUENTIAL DESIGNATION
Dates of publication and/or sequential designation Jul-Sep
650 ## - SUBJECT ADDED ENTRY--TOPICAL TERM
Topical term or geographic name entry element National cultures
700 ## - ADDED ENTRY--PERSONAL NAME
Personal name Kirkman, Bradley L.
700 ## - ADDED ENTRY--PERSONAL NAME
Personal name Steel, Piers
773 ## - HOST ITEM ENTRY
Main entry heading Organizational Dynamics
908 ## - PUT COMMAND PARAMETER (RLIN)
Put command parameter N
909 ## -
-- 93017
Holdings
Withdrawn status Lost status Damaged status Not for loan Permanent Location Current Location Date acquired Serial Enumeration / chronology Barcode Date last seen Price effective from Koha item type
        Indian Institute of Public Administration Indian Institute of Public Administration 2018-07-19 Volume no: 40, Issue no: 3 AR93477 2018-07-19 2018-07-19 Articles

Powered by Koha